3. Fußball-Liga 2024/2025 - Statistiken

Allgemein
  • Dieses Quiz wurde 409 mal gespielt
  • Das Durchschnittsergebnis liegt bei 16 aus 20
Antwortstatistiken
Antwort % Korrekt
Dynamo Dresden
97%
Hansa Rostock
92%
Borussia Dortmund II
90%
Arminia Bielefeld
85%
Hannover II
85%
VfB Stuttgart II
85%
Alemannia Aachen
84%
Energie Cottbus
84%
1. FC Saarbrücken
83%
Rot-Weiss Essen
82%
TSV 1860 München
82%
SV Waldhof Mannheim
81%
VfL Osnabrück
79%
SV Wehen Wiesbaden
78%
FC Viktoria Köln
74%
FC Erzgebirge Aue
73%
SC Verl
73%
FC Ingolstadt 04
72%
SpVgg Unterhaching
72%
SV Sandhausen
68%
Keine übereinstimmenden Quizze gefunden
Verteilung der Resultate
Anzahl Personen mit jedem Resultat
Perzentil nach korrekt beantworteten Fragen
Ihre Resultats-Entwicklung
Sie haben dieses Quiz noch nicht gespielt